000 00565nam a2200217Ia 4500
003 OSt
005 20220928145103.0
006 a|||||r|||| 00| 0
007 ta
008 220927b |||||||| |||| 00| 0 eng d
024 _a78635
037 _cTextual
040 _aSDCL
_cSDCL
_beng
041 _2eng
_aeng
082 _aX.2'N4, M8
100 _aDewey Clive Ed.
_9511544
245 0 _aArrested development in India
_b The historical dimension
260 _c1988
942 _hX.2'N4, M8
_cTEXL
_2CC
999 _c831840
_d831840